Musiques sorties en 2023 (Partie 2) - Statistiques

Statistiques générales
  • Ce quiz a été pris 171 fois
    137 depuis la dernière actualisation
  • Le résultat moyen est 8 sur 30
Statistiques - réponses
Hint Réponse % Correct
« Houdini » Dua Lipa
76%
« Ceux qu’on était » Pierre Garnier
58%
« C'est carré le S » Naps/Gazo/Ninho
56%
« Casanova » Soolking/Gazo
51%
« bad idea right? » Olivia Rodrigo
46%
« Boy’s a liar Pt. 2 » PinkPantheress/Ice Spice
45%
« Water » Tyla
45%
« Mon amour » Slimane
44%
« greedy » Tate McRae
43%
« TRUSTFALL » P!nk
42%
« Say Yes To Heaven » Lana Del Rey
41%
« Princess Diana » Ice Spice/Nicki Minaj
38%
« Feather » Sabrina Carpenter
25%
« Cupid » FIFTY FIFTY
24%
« LOVE'n'TENDRESSE » Eddy de Pretto
22%
« HONEY (ARE U COMING?) » Måneskin
20%
« Desire » Calvin Harris/Sam Smith
14%
« Lovin On Me » Jack Harlow
13%
« Never Felt So Alone » Labrinth
11%
« (It Goes Like) Nanana » Peggy Gou
10%
« Slime You Out » Drake/SZA
8%
« Tirer la nuit sur les étoiles » Étienne Daho/Vanessa Paradis
8%
« Last Time I Saw You » Nicki Minaj
8%
« Un morceau de Sicre » Francis Cabrel
6%
« CR » Werenoi
5%
« Little Things » Jorja Smith
4%
« La Réplique » Olivia Ruiz
4%
« Origami » Patrick Bruel/Ycare
4%
« Let It Shine » Zazie
4%
« Juste une chanson » Calogero
3%
Aucun quiz correspondant
Distribution des résultats
% des personnes avec chaque résultat
Percentile par nombre de réponses
Votre historique - résultats
Vous n’avez pas pris ce quiz depuis la dernière actualisation